| 000 | 00614 a2200253 4500 | ||
|---|---|---|---|
| 001 | 109007 | ||
| 020 | _a9781934429068 (trade) | ||
| 041 | _aeng | ||
| 082 | _aP Year 4 [E] | ||
| 092 | _a2008931756 | ||
| 100 | _aFowler, Gloria. | ||
| 300 | _a[32] p. | ||
| 697 | _aPride and vanity | ||
| 697 | _aPride and vanity - Fiction. | ||
| 697 | _aShoes | ||
| 697 | _aFairy tales. | ||
| 697 | _aShoes - Fiction. | ||
| 856 | _u000027/000027d9.jpg | ||
| 040 |
_aBR-BrIDEA _cBR-BrIDEA |
||
| 090 |
_aP Year 4 [E] _bFOW |
||
| 245 | 1 | 0 |
_aThe red shoes _c Gloria Fowler |
| 260 |
_a[s.l.] _bAMMO _c2008 |
||
| 942 | _cBK | ||
| 999 |
_c109007 _d109007 |
||